| 000 | 00838cam a2200193 i 4500 | ||
|---|---|---|---|
| 005 | 20251221115858.0 | ||
| 008 | 250721s1986 ua gr 000 0 ara d | ||
| 082 | 1 | 4 |
_a218,3 _bد ن ي |
| 100 | 1 |
_aإبن أبي الدنيا، أبو بكر عبد الله محمد بن عبيد سفيان القرشي الأموي _eمؤلف. |
|
| 245 | 1 | 0 |
_aقضاء الحوائج / _cالحافظ ابن أبي الدنيا ؛ تحقيق وتعليق مجدي السيد إبراهيم. |
| 264 | 3 | 1 |
_aالقاهرة : _bمكتبة القرآن للطبع والنشر والتوزيع، _c1986. |
| 300 | _a99 صفحة. | ||
| 650 | 1 | 7 | _aالإسلام. |
| 650 | 1 | 7 | _aالشعائر. |
| 650 | 1 | 7 | _aالآداب الإسلامية. |
| 700 | 1 |
_aإبراهيم، مجدي السيد _eمحقق. |
|
| 942 |
_2ddc _cBK |
||
| 999 |
_c4047 _d4047 |
||